Разработка методов и средств повышения точности счетчиков электроэнергии и производительности технологического контроля при их производстве: диссертация на соискание ученой степени кандидата технических наук; спец. 05.11.01

Podrobná bibliografie
Hlavní autor: Савиных М. А. Максим Александрович
Korporativní autor: Новосибирский государственный технический университет (НГТУ)
Další autoři: Пасынков Ю. А. Юрий Алексеевич (научный руководитель), Трушин В. А. Виктор Александрович
Shrnutí:Защищена 16.10.2018 г.
Jazyk:ruština
Vydáno: Новосибирск, [Б. и.], 2018
Témata:
Médium: MixedMaterials Kniha
KOHA link:https://koha.lib.tpu.ru/cgi-bin/koha/opac-detail.pl?biblionumber=341736

MARC

LEADER 00000nbm0a2200000 4500
001 341736
005 20231102005358.0
035 |a (RuTPU)RU\TPU\book\369982 
035 |a RU\TPU\book\369983 
090 |a 341736 
100 |a 20181022j20181016k y0rusy50 ca 
101 0 |a rus 
102 |a RU 
105 |a a m 001zy 
200 1 |a Разработка методов и средств повышения точности счетчиков электроэнергии и производительности технологического контроля при их производстве  |e диссертация на соискание ученой степени кандидата технических наук  |e спец. 05.11.01  |f М. А. Савиных  |g Новосибирский государственный технический университет (НГТУ) ; науч. рук. Ю. А. Пасынков, В. А. Трушин 
210 |a Новосибирск  |c [Б. и.]  |d 2018 
215 |a 186 л.  |c ил. 
300 |a Защищена 16.10.2018 г. 
320 |a Библиогр.: с. 161-167 (74 назв.) 
452 1 |0 (RuTPU)RU\TPU\book\368912  |t Разработка методов и средств повышения точности счетчиков электроэнергии и производительности технологического контроля при их производстве  |o диссертация на соискание ученой степени кандидата технических наук  |o спец. 05.11.01  |f М. А. Савиных  |g Новосибирский государственный технический университет (НГТУ) ; науч. рук. Ю. А. Пасынков, В. А. Трушин  |c Новосибирск  |d 2018  |a Савиных, Максим Александрович 
606 1 |a Электрические счетчики  |x Точность  |2 stltpush  |3 (RuTPU)RU\TPU\subj\77981  |9 87785 
610 1 |a датчики тока 
610 1 |a производство 
610 1 |a технологический контроль 
610 1 |a трансформаторы тока 
610 1 |a погрешности 
610 1 |a косвенное оценивание 
610 1 |a методы 
610 1 |a активный трансформатор 
610 1 |a разработка 
610 1 |a автоматизированные стенды 
610 1 |a технологические модули 
610 1 |a электроэнергия 
610 1 |a однофазные счетчики 
610 1 |a функционирование 
610 1 |a метрологические характеристики 
610 1 |a контроль 
610 1 |a испытание 
610 1 |a гармоники 
610 1 |a диссертации 
675 |a 621.317.785(04)  |v 4 
686 |a 05.11.01  |2 oksvnk 
700 1 |a Савиных  |b М. А.  |g Максим Александрович 
702 1 |a Пасынков  |b Ю. А.  |g Юрий Алексеевич  |4 727 
702 1 |a Трушин  |b В. А.  |g Виктор Александрович  |4 727 
712 0 2 |a Новосибирский государственный технический университет (НГТУ)  |c (1992- )  |2 stltpush  |3 (RuTPU)RU\TPU\col\36 
801 1 |a RU  |b 63413507  |c 20181022 
801 2 |a RU  |b 63413507  |c 20190110  |g RCR 
942 |c BK